000 00502caa a22001572a 4500
001 016662
003 AR-FADEU
008 311216n########xxu####################dd
092 _aA863.42
_bC221j
100 _aWilde, Eduardo
245 _aIngnacio Pirovano
300 _aPP. 97-105
500 _aEn: Juvenilia / Miguel Cané. Buenos Aires. : Centro Editor de América Latina, 1967
942 _cBDGR
999 _c22414
_d22414
773 0 _022411
_922332
_aCané, Miguel
_b
_dBuenos Aires
_o8907
_tJuvenilia
_w( AR-FADEU) 016659
_x
_z